Giáo trình kỹ thuật thi công
Uloženo v:
| Hlavní autor: | |
|---|---|
| Médium: | Kniha |
| Jazyk: | Undetermined |
| Vydáno: |
Hà Nội
Xây Dựng
2013
|
| Témata: | |
| Tagy: |
Přidat tag
Žádné tagy, Buďte první, kdo otaguje tento záznam!
|
| Thư viện lưu trữ: | Trung tâm Học liệu Trường Đại học Cần Thơ |
|---|
| LEADER | 00622nam a2200205Ia 4500 | ||
|---|---|---|---|
| 001 | CTU_180704 | ||
| 008 | 210402s9999 xx 000 0 und d | ||
| 020 | |c 74000 | ||
| 082 | |a 690 | ||
| 082 | |b Đ552/T.2 | ||
| 100 | |a Đỗ, Bình Đức | ||
| 245 | 0 | |a Giáo trình kỹ thuật thi công | |
| 245 | 0 | |c Đỗ Đình Đức (chủ biên) ... [et al] | |
| 260 | |a Hà Nội | ||
| 260 | |b Xây Dựng | ||
| 260 | |c 2013 | ||
| 650 | |a Construction engineering,Kỹ thuật xây dựng | ||
| 904 | |i Thuý Vi | ||
| 910 | |a Nguyên | ||
| 980 | |a Trung tâm Học liệu Trường Đại học Cần Thơ | ||